000 02315nam a22003497a 4500
001 105849
003 KnowledgeUnlatched
005 20210303104917.0
006 m o d
007 cr u||||||||||
008 210129p20142020xx o u00| u spa d
037 _5BiblioBoard
245 0 0 _aHistorias de familia
_bEtnografía delirante sobre el amor, la violencia y las drogas /
_cCésar Augusto Tapias Hernández.
020 _a9789587385434
029 1 _ahttps://library.biblioboard.com/ext/api/media/d41d55e2-3d9b-41c0-916f-1504fe1d74d2/assets/thumbnail.jpg
040 _aScCtBLL
_cScCtBLL
100 1 _aTapias Hernández, César Augusto
_eauthor.
264 1 _bSciELO Books - Editorial Universidad del Rosario,
300 _a1 online resource.
506 0 _aAccess copy available to the general public.
_fUnrestricted
_2star
520 _aEl ejercicio de reunir estas historias, estos conocimientos disponibles, se propuso para encontrar las palabras y los signos que, como prenociones sobre la vida cotidiana de un grupo individuos, ilustraran (no solo) un mar de problemas (sociológicos): anomías, malestares -por ejemplo, los delirios de violencia, el abuso de alcohol y drogas, las rencillas familiares, etc.-, sino también solidaridades y, sobre todo, amores: múltiples y coloridas representaciones que los individuos-partes del grupo (mis familiares y yo mismo) hacemos de nuestro estado, de nuestras condiciones, del lugar que ocupamos con respecto a los demás. Bourdianamente, me corresponde como científico social "demandar al razonamiento, la revelación de las causas estructurales que las palabras y los signos aparentes no develan más que velándolas" (Bourdieu 2000, 558).
588 0 _aDescription based on print version record.
590 _aKU Open Services
650 7 _aSocial Science
_2bisacsh
650 0 _aSocial sciences
655 0 _aElectronic books.
758 _iIs found in:
_aKnowledge Unlatched
_1https://openresearchlibrary.org/module/2774bc74-146a-484f-a7ba-ab1d6a09bbfb
856 4 0 _uhttps://openresearchlibrary.org/content/d41d55e2-3d9b-41c0-916f-1504fe1d74d2
_zView this content on Open Research Library.
_70
999 _c32920
_d32920